Towards a model apprenticeship framework (Record no. 694480)

MARC details
000 -LEADER
fixed length control field 00801nam a2200277Ia 4500
003 - CONTROL NUMBER IDENTIFIER
control field OSt
005 - DATE AND TIME OF LATEST TRANSACTION
control field 20220927105748.0
008 - FIXED-LENGTH DATA ELEMENTS--GENERAL INFORMATION
fixed length control field 220926b |||||||| |||| 00| 0 eng d
020 ## - INTERNATIONAL STANDARD BOOK NUMBER
International Standard Book Number 97892212792211
037 ## - SOURCE OF ACQUISITION
Terms of availability Reference Collections
040 ## - CATALOGING SOURCE
Original cataloging agency RTL
Transcribing agency RTL
Language of cataloging eng
041 ## - LANGUAGE CODE
Source of code eng
Language code of text/sound track or separate title eng
100 ## - MAIN ENTRY--PERSONAL NAME
Personal name WORLD BANK
110 ## - MAIN ENTRY--CORPORATE NAME
Corporate name or jurisdiction name as entry element WORLD BANK
245 #0 - TITLE STATEMENT
Title Towards a model apprenticeship framework
Remainder of title A comparative analysis of national apprenticeship systems
260 ## - PUBLICATION, DISTRIBUTION, ETC.
Place of publication, distribution, etc. New
Name of publisher, distributor, etc. "Delhi, World Bank, "
Date of publication, distribution, etc. 2013
300 ## - PHYSICAL DESCRIPTION
Extent "v,156p."
Dimensions cm.
500 ## - GENERAL NOTE
General note Bibliography: P 263-91
700 ## - ADDED ENTRY--PERSONAL NAME
Personal name WORLD BANK
942 ## - ADDED ENTRY ELEMENTS (KOHA)
Classification part "X:9, Q3/GD"
Koha item type
Holdings
Withdrawn status Lost status Damaged status Not for loan Home library Current library Date acquired Total Checkouts Full call number Barcode Date last seen Price effective from Koha item type
        Ratan Tata Library Ratan Tata Library 2022-09-27   "X:9 Q3/GD" RT1456696 2022-09-27 2022-09-27  
Copyright @ Delhi University Library System